GREAT ife at 60 advancing the frontiers of knowledge and culture 91961-2012)

Guardat en:
Dades bibliogràfiques
Format: Llibre
Idioma:anglès
Publicat: Obafemi Awolowo University Press 2022
Etiquetes: Afegir etiqueta
Sense etiquetes, Sigues el primer a etiquetar aquest registre!

MARC

LEADER 00000nam a22000007a 4500
008 240226b |||||||| |||| 00| 0 eng d
020 |a 9789781360923 
245 |a GREAT ife at 60  |b advancing the frontiers of knowledge and culture 91961-2012)  |c /edited by Eyitope O.Ogunbodede, Oliunsanjo M.A. Daramola  |g xx. 376p;ill 
250 |c Ogunbodede, Eyitope O. 
250 |c Daramola, Olusanjo M.A. 
260 |b Obafemi Awolowo University Press  |c 2022  |h Ile-Ife, Nigeria.  |i 701975  |i 701976  |i 701977  |i 701978  |i 701979  |l LG481.I422G81  |m Obafemi Awolowo University  |m State universities and colleges- Nigeria  |m Anniversaries 
500 |a it includes index 
942 |a lcc  |c BK  |e Johnson  |f 26/02/24 
952 |0 0  |1 0  |2 lcc  |4 0  |6 LG0481 I422 G81  |7 0  |9 4888  |a ED  |b HOL  |c LP  |d 2024-02-26  |l 0  |o LG481.I422G81  |p 2024-0139  |r 2024-02-26 00:00:00  |t 701975  |w 2024-02-26  |y BK 
952 |0 0  |1 0  |2 lcc  |4 0  |6 LG0481 I422 G81  |7 0  |9 4889  |a ED  |b HOL  |c LP  |d 2024-02-26  |l 0  |o LG481.I422G81  |p 2024-0140  |r 2024-02-26 00:00:00  |t 701976  |w 2024-02-26  |y BK 
952 |0 0  |1 0  |2 lcc  |4 0  |6 LG0481 I422 G81  |7 0  |9 4890  |a HOL  |b HOL  |c LP  |d 2024-02-26  |l 0  |o LG481.I422G81  |p 2024-0141  |r 2024-02-26 00:00:00  |t 701978  |w 2024-02-26  |y BK 
952 |0 0  |1 0  |2 lcc  |4 0  |6 LG0481 I422 G81  |7 0  |9 4891  |a HOL  |b HOL  |c LP  |d 2024-02-26  |l 0  |o LG481.I422G81  |p 2024-0142  |r 2024-02-26 00:00:00  |t 701979  |w 2024-02-26  |y BK 
999 |c 2431  |d 2431